Northern Mariana Islands City Quiz - Statistics

General Stats
  • This quiz has been taken 16 times
  • The average score is 2 of 5
Answer Stats
City % Correct
Garapan
80%
San Antonio
60%
Kagman
40%
Koblerville
40%
Finasisu
20%
No matching quizzes found
Score Distribution
Percent of People with Each Score
Percentile by Number Answered
Your Score History
You have not taken this quiz